[Event "New York Marshall GM-B 07"]
[Site "New York"]
[Date "2025.07.12"]
[Round "7"]
[White "Kaplan, Avi Harrison"]
[Black "Cruz, Cristhian"]
[Result "1-0"]
[WhiteElo "2304"]
[BlackElo "2477"]
[PlyCount "165"]
[EventDate "2025.07.09"]
[EventType "tourn"]
[EventRounds "9"]
[EventCountry "USA"]
[EventCategory "6"]
[SourceTitle "CB29_2025"]
[SourceDate "2025.07.16"]
[SourceVersion "1"]
[SourceVersionDate "2025.07.16"]
[SourceQuality "1"]

1. Nf3 d5 2. b3 Bf5 3. Bb2 e6 4. d3 Nf6 5. Nh4 Bg6 6. Nxg6 hxg6 7. g3 Nbd7 8. Bg2 c6 9. Nd2 Bd6 10. e4 Qe7 11. 0-0 Ba3 12. Qc1 Bxb2 13. Qxb2 dxe4 14. dxe4 e5 15. a4 a5 16. Nc4 0-0 17. Rfd1 Rfd8 18. Rd2 b5 19. Ne3 Qb4 20. c3 Qe7 21. axb5 cxb5 22. Rad1 Nc5 23. Qa3 Rxd2 24. Rxd2 Qa7 25. Nd5 Nfxe4 26. Re2 f5 27. b4 axb4 28. Qxb4 Qa4 29. Ne3 Qxb4 30. cxb4 Nd3 31. Bxe4 fxe4 32. Nd5 Ra1+ 33. Kg2 Ne1+ 34. Kh3 Nf3 35. Kg4 Nxh2+ 36. Kg5 Nf3+ 37. Kxg6 Ra6+ 38. Kh5 Rd6 39. Nc3 Rh6+ 40. Kg4 Rc6 41. Nxb5 Nd4 42. Nxd4 exd4 43. Rxe4 Rc4 44. b5 Rb4 45. b6 Rxb6 46. Rxd4 Rb5 47. Rd6 Kh7 48. Re6 Rb2 49. f4 Rb3 50. Kh4 Rb5 51. Re5 Rb6 52. g4 Rf6 53. f5 Ra6 54. Re6 Ra1 55. Kg5 Ra5 56. Kh5 Rb5 57. Re7 Ra5 58. Kh4 Kg8 59. Kg5 Kh7 60. Kf4 Kg8 61. g5 Ra4+ 62. Re4 Ra8 63. Kg4 Rf8 64. Re7 Kh8 65. Kf4 Kg8 66. Ke5 Ra8 67. Rd7 Re8+ 68. Kf4 Ra8 69. Kg4 Rf8 70. Rc7 Kh8 71. Rc3 Kg8 72. Rc5 Kh7 73. Rd5 Ra8 74. Rd7 Kg8 75. Kh5 Ra6 76. Rd8+ Kf7 77. Rb8 g6+ 78. fxg6+ Kg7 79. Rb7+ Kg8 80. Kh6 Ra8 81. Rb6 Kh8 82. g7+ Kg8 83. Rf6 1-0

[Event "New York Marshall GM-B 07"]
[Site "New York"]
[Date "2025.07.10"]
[Round "4"]
[White "Sun, Ryan"]
[Black "Kaplan, Avi Harrison"]
[Result "1/2-1/2"]
[WhiteElo "2346"]
[BlackElo "2304"]
[PlyCount "42"]
[EventDate "2025.07.09"]
[EventType "tourn"]
[EventRounds "9"]
[EventCountry "USA"]
[EventCategory "6"]
[SourceTitle "CB29_2025"]
[SourceDate "2025.07.16"]
[SourceVersion "1"]
[SourceVersionDate "2025.07.16"]
[SourceQuality "1"]

1. c4 c5 2. Nc3 Nc6 3. g3 e5 4. Bg2 d6 5. d3 h6 6. a3 Nge7 7. Rb1 a5 8. e3 g6 9. Nge2 Bg7 10. 0-0 0-0 11. Nd5 Be6 12. Nec3 Rb8 13. Bd2 Qd7 14. Nb6 Qd8 15. Nbd5 Qd7 16. Qa4 Rfd8 17. Nb6 Qc7 18. Nbd5 Qd7 19. Nxe7+ Nxe7 20. Qxa5 b6 21. Qb5 d5 1/2-1/2

[Event "Chicago op 34th"]
[Site "Chicago"]
[Date "2025.05.26"]
[Round "8"]
[White "Bruzon Batista, Lazaro"]
[Black "Kaplan, Avi Harrison"]
[Result "1-0"]
[WhiteElo "2556"]
[BlackElo "2322"]
[PlyCount "83"]
[EventDate "2025.05.22"]
[EventType "swiss"]
[EventRounds "9"]
[EventCountry "USA"]
[SourceTitle "CB23_2025"]
[SourceDate "2025.06.04"]
[SourceVersion "1"]
[SourceVersionDate "2025.06.04"]
[SourceQuality "1"]

1. Nf3 c5 2. e4 d6 3. d4 cxd4 4. Nxd4 Nf6 5. Nc3 a6 6. Be2 e5 7. Nb3 Be7 8. Bg5 Be6 9. Bxf6 Bxf6 10. Qd3 0-0 11. 0-0-0 Be7 12. Nd5 Bxd5 13. Qxd5 Nc6 14. Kb1 Rc8 15. c3 b5 16. Bg4 Rc7 17. a3 Qb8 18. g3 Re8 19. Rhf1 Bf8 20. Rd2 Qb6 21. Be2 g6 22. h4 Rd8 23. f4 exf4 24. gxf4 Bg7 25. h5 Re7 26. Bd3 Rdd7 27. Rg2 Kf8 28. Rh1 Qe3 29. Bc2 Nd8 30. hxg6 hxg6 31. f5 Qf3 32. Rhg1 Re5 33. Qd2 Rxe4 34. Rf2 Qe3 35. Bxe4 Qxe4+ 36. Ka1 gxf5 37. Nc5 dxc5 38. Qxd7 Ne6 39. Qd6+ Ke8 40. Rd2 Qh4 41. Rxg7 Nxg7 42. Qb8+ 1-0

[Event "Charlotte Spring IM-A"]
[Site "Charlotte"]
[Date "2025.04.20"]
[Round "8"]
[White "Crump, Alexander J"]
[Black "Kaplan, Avi Harrison"]
[Result "1/2-1/2"]
[WhiteElo "2049"]
[BlackElo "2342"]
[PlyCount "97"]
[EventDate "2025.04.16"]
[EventType "tourn"]
[EventRounds "9"]
[EventCountry "USA"]
[EventCategory "1"]
[SourceTitle "CB17_2025"]
[SourceDate "2025.04.23"]
[SourceVersion "1"]
[SourceVersionDate "2025.04.23"]
[SourceQuality "1"]

1. Nf3 c5 2. c4 Nc6 3. b3 e5 4. Bb2 d6 5. Nc3 g5 6. d3 Bg7 7. e3 h6 8. Be2 Nge7 9. Nd2 Ng6 10. a3 0-0 11. Qc2 b6 12. Bf3 Bb7 13. 0-0-0 Qd7 14. g3 Rab8 15. Nd5 Nce7 16. Nxe7+ Nxe7 17. Bxb7 Rxb7 18. f4 b5 19. Rhf1 g4 20. fxe5 dxe5 21. Rf2 Nf5 22. Re2 Rfb8 23. cxb5 Rxb5 24. Kb1 Nd6 25. Ka2 Qe6 26. Bc3 R5b6 27. Rb1 Nb5 28. Bb2 a5 29. Qc4 Qd7 30. Ne4 Nd6 31. Nxd6 Qxd6 32. Bc3 a4 33. Reb2 axb3+ 34. Rxb3 Rxb3 35. Rxb3 Ra8 36. Qxg4 Qd5 37. Qc4 Qh1 38. Rb2 Qc1 39. Qd5 Rxa3+ 40. Kxa3 Qxc3+ 41. Qb3 Qa5+ 42. Qa4 Qc3+ 43. Ka2 Qxd3 44. Qe8+ Kh7 45. Qxf7 Qa6+ 46. Kb1 Qd3+ 47. Rc2 Qd1+ 48. Rc1 Qd3+ 49. Rc2 1/2-1/2

[Event "Charlotte Spring IM-A"]
[Site "Charlotte"]
[Date "2025.04.20"]
[Round "9"]
[White "Kaplan, Avi Harrison"]
[Black "Matros, Alexander"]
[Result "0-1"]
[WhiteElo "2342"]
[BlackElo "2326"]
[PlyCount "114"]
[EventDate "2025.04.16"]
[EventType "tourn"]
[EventRounds "9"]
[EventCountry "USA"]
[EventCategory "1"]
[SourceTitle "CB17_2025"]
[SourceDate "2025.04.23"]
[SourceVersion "1"]
[SourceVersionDate "2025.04.23"]
[SourceQuality "1"]

1. d4 Nf6 2. c4 e6 3. Nc3 d5 4. cxd5 exd5 5. Bg5 Be7 6. e3 h6 7. Bh4 0-0 8. Bd3 Re8 9. Nge2 c6 10. Qc2 Nbd7 11. 0-0 Ne4 12. Bxe7 Qxe7 13. Bxe4 dxe4 14. d5 c5 15. a4 b6 16. Rfd1 Nf6 17. a5 Bd7 18. axb6 axb6 19. Ng3 Rxa1 20. Rxa1 h5 21. Ra7 Qd6 22. h3 h4 23. Ngxe4 Nxe4 24. Nxe4 Qxd5 25. Qd2 Qxe4 26. Qxd7 Qe6 27. Qc7 Qf6 28. Rb7 Rd8 29. Rb8 Rxb8 30. Qxb8+ Kh7 31. b3 g5 32. Qe8 Kg6 33. Qe4+ Qf5 34. Qc4 Qe6 35. Qd3+ Kf6 36. Kf1 Ke5 37. Ke2 Qd5 38. Qb5 Qxg2 39. Qxb6 Qxh3 40. Qxc5+ Kf6 41. Qd4+ Kg6 42. Qd6+ f6 43. Qd8 Qe6 44. Qd3+ f5 45. Kf1 Qc6 46. Qd8 Qb5+ 47. Kg2 Qb7+ 48. Kh2 Qxb3 49. Qd6+ Kh5 50. Qd7 Qb1 51. Kg2 h3+ 52. Kh2 Qf1 53. Qe8+ Kg4 54. Qa4+ Kf3 55. Qc6+ Kxf2 56. Qc2+ Qe2 57. Qc6 Kxe3+ 0-1

[Event "Titled Tuesday intern op 11th Feb Early"]
[Site "Chess.com INT"]
[Date "2025.02.11"]
[Round "2"]
[White "Kaplan, Avi Harrison"]
[Black "Anishka, Vikram"]
[Result "0-1"]
[WhiteElo "2357"]
[BlackElo "1852"]
[PlyCount "90"]
[EventDate "2025.02.11"]
[EventType "swiss (blitz)"]
[EventRounds "11"]
[EventCountry "USA"]
[SourceTitle "CB09_2025"]
[SourceDate "2025.02.27"]
[SourceVersion "1"]
[SourceVersionDate "2025.02.27"]
[SourceQuality "1"]

1. e4 c5 2. b4 cxb4 3. a3 e5 4. axb4 Bxb4 5. c3 Bc5 6. d4 exd4 7. cxd4 Bb4+ 8. Nd2 Nf6 9. Bd3 0-0 10. Ngf3 d5 11. e5 Ne4 12. 0-0 Nxd2 13. Nxd2 Nc6 14. Nb3 h6 15. Qh5 f5 16. exf6 Qxf6 17. Be3 Be6 18. Rfb1 a5 19. Qe2 Rae8 20. Qc2 Bc8 21. Be2 Bf5 22. Bd3 Bxd3 23. Qxd3 Qf5 24. Qb5 Bc3 25. Qxb7 Bxa1 26. Rxa1 Rxe3 27. f3 Qc2 28. Rc1 Rxb3 29. Rxc2 Rxb7 30. Rxc6 a4 31. Ra6 Rb4 32. Kf2 Rxd4 33. Kg3 Rb4 34. Kh3 d4 35. g4 Rd8 36. g5 hxg5 37. f4 gxf4 38. Rg6 d3 39. Kh4 d2 40. h3 d1Q 41. Rg5 f3+ 42. Rg4 Rxg4+ 43. Kxg4 f2+ 44. Kg5 f1Q 45. Kh4 Qf4# 0-1

[Event "Titled Tuesday intern op 11th Feb Early"]
[Site "Chess.com INT"]
[Date "2025.02.11"]
[Round "1"]
[White "Vachier Lagrave, Maxime"]
[Black "Kaplan, Avi Harrison"]
[Result "1-0"]
[WhiteElo "2729"]
[BlackElo "2357"]
[PlyCount "41"]
[EventDate "2025.02.11"]
[EventType "swiss (blitz)"]
[EventRounds "11"]
[EventCountry "USA"]
[SourceTitle "CB09_2025"]
[SourceDate "2025.02.27"]
[SourceVersion "1"]
[SourceVersionDate "2025.02.27"]
[SourceQuality "1"]

1. e4 c6 2. d4 d5 3. Nc3 dxe4 4. Nxe4 Nd7 5. Nf3 Ngf6 6. Ng3 e6 7. c3 c5 8. Bd3 Qc7 9. 0-0 Be7 10. Re1 0-0 11. Ne5 b6 12. Bf4 Nd5 13. Nxd7 Qxd7 14. Be5 Re8 15. dxc5 Bxc5 16. Ne4 Bf8 17. c4 Nb4 18. Nf6+ gxf6 19. Qg4+ Bg7 20. Bxf6 Qxd3 21. Qxg7# 1-0

[Event "Titled Tuesday intern op 04th Feb Late"]
[Site "Chess.com INT"]
[Date "2025.02.04"]
[Round "3"]
[White "Chabris, Christopher"]
[Black "Kaplan, Avi Harrison"]
[Result "1-0"]
[WhiteElo "2054"]
[BlackElo "2357"]
[PlyCount "111"]
[EventDate "2025.02.04"]
[EventType "swiss (blitz)"]
[EventRounds "11"]
[EventCountry "USA"]
[SourceTitle "CB07_2025"]
[SourceDate "2025.02.12"]
[SourceVersion "1"]
[SourceVersionDate "2025.02.12"]
[SourceQuality "1"]

1. e4 c5 2. Nf3 d6 3. Bb5+ Nd7 4. d4 cxd4 5. Qxd4 a6 6. Bxd7+ Bxd7 7. c4 Nf6 8. Bg5 e6 9. Nc3 Be7 10. 0-0 0-0 11. Rfe1 h6 12. Bxf6 Bxf6 13. Qxd6 Bxc3 14. bxc3 Qc8 15. Rad1 Ba4 16. Rd4 Rd8 17. Qb4 Bc2 18. Ne5 f6 19. Ng4 e5 20. Rxd8+ Qxd8 21. Qxb7 Kh8 22. Qd5 Qc8 23. Ne3 Ba4 24. Qf7 Rb8 25. Nf5 Rb7 26. Qh5 Be8 27. Qh4 Qxc4 28. h3 Qxc3 29. Re3 Qc1+ 30. Kh2 Rb1 31. Nxh6 gxh6 32. Qxf6+ Kg8 33. Rg3+ Qg5 34. Rxg5+ hxg5 35. Qxg5+ Kh7 36. Qf5+ Bg6 37. Qd7+ Kh6 38. Qd6 Rb5 39. Qxa6 Rb4 40. f3 Rb2 41. a4 Kg5 42. Qd6 Ra2 43. Qxe5+ Kh6 44. Qf4+ Kg7 45. Qe5+ Kh7 46. a5 Kh6 47. h4 Bh5 48. Qg5+ Kh7 49. Qxh5+ Kg7 50. Qg5+ Kh7 51. Qf5+ Kh6 52. Qf6+ Kh7 53. Qf7+ Kh6 54. Qxa2 Kh5 55. Qe6 Kxh4 56. Qh6# 1-0

[Event "Titled Tuesday intern op 04th Feb Late"]
[Site "Chess.com INT"]
[Date "2025.02.04"]
[Round "1"]
[White "Kaplan, Avi Harrison"]
[Black "Abel Mathewos, Tilahun"]
[Result "1-0"]
[WhiteElo "2357"]
[BlackElo "1911"]
[PlyCount "37"]
[EventDate "2025.02.04"]
[EventType "swiss (blitz)"]
[EventRounds "11"]
[EventCountry "USA"]
[SourceTitle "CB07_2025"]
[SourceDate "2025.02.12"]
[SourceVersion "1"]
[SourceVersionDate "2025.02.12"]
[SourceQuality "1"]

1. e4 c5 2. b4 cxb4 3. a3 bxa3 4. Nxa3 d5 5. exd5 Qxd5 6. d4 Nc6 7. Nb5 Qd8 8. d5 Ne5 9. Bf4 f6 10. Bxe5 fxe5 11. Qh5+ g6 12. Qxe5 Nf6 13. Nc7+ Kf7 14. Nxa8 Bg7 15. Bc4 Rf8 16. d6+ e6 17. Nc7 Ng4 18. Bxe6+ Bxe6 19. Qxe6# 1-0

[Event "Titled Tuesday intern op 04th Feb Early"]
[Site "Chess.com INT"]
[Date "2025.02.04"]
[Round "1"]
[White "Kaplan, Avi Harrison"]
[Black "Tabernilla, Tyrhhone James"]
[Result "1-0"]
[WhiteElo "2357"]
[BlackElo "2000"]
[PlyCount "53"]
[EventDate "2025.02.04"]
[EventType "swiss (blitz)"]
[EventRounds "11"]
[EventCountry "USA"]
[SourceTitle "CB07_2025"]
[SourceDate "2025.02.12"]
[SourceVersion "1"]
[SourceVersionDate "2025.02.12"]
[SourceQuality "1"]

1. d4 Nf6 2. Nc3 d5 3. Bf4 e6 4. Nb5 Na6 5. e3 c6 6. Nc3 Nc7 7. Nf3 Bd6 8. Ne5 0-0 9. Bd3 Qe8 10. Qf3 c5 11. Qh3 cxd4 12. Ng4 Ne4 13. Nxe4 dxe4 14. Bxe4 Bb4+ 15. c3 f5 16. cxb4 Qe7 17. 0-0 fxe4 18. Be5 dxe3 19. fxe3 Nd5 20. Qh6 Rf5 21. Qh3 Bd7 22. Rad1 Raf8 23. Rxf5 Rxf5 24. Qg3 Qg5 25. h4 Qg6 26. Nf2 Qh5 27. Qxg7# 1-0

[Event "Titled Tuesday intern op 07th Jan Early"]
[Site "Chess.com INT"]
[Date "2025.01.07"]
[Round "2"]
[White "Martinez Alcantara, Jose Eduardo"]
[Black "Kaplan, Avi Harrison"]
[Result "1-0"]
[WhiteElo "2606"]
[BlackElo "2367"]
[PlyCount "75"]
[EventDate "2025.01.07"]
[EventType "swiss (blitz)"]
[EventRounds "11"]
[EventCountry "USA"]
[SourceTitle "CB03_2025"]
[SourceDate "2025.01.15"]
[SourceVersion "1"]
[SourceVersionDate "2025.01.15"]
[SourceQuality "1"]

1. e4 c6 2. d4 d5 3. e5 Bf5 4. h4 h5 5. Bd3 Bxd3 6. Qxd3 Qa5+ 7. b4 Qa6 8. e6 Qxd3 9. cxd3 fxe6 10. Nd2 e5 11. dxe5 e6 12. Rb1 Nd7 13. Ndf3 Nh6 14. Ne2 Nf5 15. Nf4 Rh6 16. 0-0 Be7 17. g3 Kf7 18. Bd2 Rhh8 19. Rfe1 g6 20. Kh2 Nh6 21. Kg2 Ng4 22. d4 Rhf8 23. b5 c5 24. Nxd5 exd5 25. e6+ Ke8 26. exd7+ Kxd7 27. Bf4 Rac8 28. Ne5+ Nxe5 29. Rxe5 cxd4 30. Rxd5+ Ke8 31. Re1 Rf7 32. Rxd4 Rc2 33. Rde4 Kd7 34. Rd1+ Ke8 35. a4 Kf8 36. Rd7 Rxf2+ 37. Kxf2 Bc5+ 38. Rdd4 1-0

[Event "Titled Tuesday intern op 07th Jan Early"]
[Site "Chess.com INT"]
[Date "2025.01.07"]
[Round "4"]
[White "Solano Cuya, Bryan"]
[Black "Kaplan, Avi Harrison"]
[Result "0-1"]
[WhiteElo "2242"]
[BlackElo "2367"]
[PlyCount "82"]
[EventDate "2025.01.07"]
[EventType "swiss (blitz)"]
[EventRounds "11"]
[EventCountry "USA"]
[SourceTitle "CB03_2025"]
[SourceDate "2025.01.15"]
[SourceVersion "1"]
[SourceVersionDate "2025.01.15"]
[SourceQuality "1"]

1. d4 g6 2. c4 Bg7 3. Nc3 Nf6 4. e4 0-0 5. f4 c6 6. Bd3 d5 7. cxd5 cxd5 8. e5 Ne8 9. Qb3 Nc6 10. Be3 Nc7 11. Rc1 Bf5 12. Bxf5 gxf5 13. Qxb7 Na5 14. Qb4 Nc4 15. Bf2 Rb8 16. Qc5 Nxb2 17. Qa3 Nd3+ 18. Ke2 Nxf4+ 19. Kf3 Nd3 20. Rd1 Nxf2 21. Kxf2 Ne6 22. Nf3 Bh6 23. Nh4 Ng7 24. Rhf1 e6 25. Nf3 f4 26. g3 Nf5 27. gxf4 Bxf4 28. Rg1+ Kh8 29. Rg4 Be3+ 30. Ke2 Qc7 31. Nh4 Qc4+ 32. Kf3 Nxd4+ 33. Kg2 Rg8 34. h3 Rxg4+ 35. hxg4 Nc2 36. Qe7 Qxg4+ 37. Kf1 Bg5 38. Qc7 Rb2 39. Qxf7 Ne3+ 40. Ke1 Qg1+ 41. Qf1 Qxf1# 0-1

[Event "North American op 34th"]
[Site "Las Vegas"]
[Date "2024.12.26"]
[Round "2"]
[White "Kaplan, Avi Harrison"]
[Black "Ali Marandi, Cemil Can"]
[Result "0-1"]
[WhiteElo "2317"]
[BlackElo "2513"]
[PlyCount "36"]
[EventDate "2024.12.26"]
[EventType "swiss"]
[EventRounds "9"]
[EventCountry "USA"]
[SourceTitle "CB02_2025"]
[SourceDate "2025.01.08"]
[SourceVersion "1"]
[SourceVersionDate "2025.01.08"]
[SourceQuality "1"]

1. Nf3 d5 2. b3 Bg4 3. Bb2 Nd7 4. g3 Ngf6 5. Bg2 e6 6. 0-0 Bd6 7. c4 c6 8. d4 0-0 9. Ne5 Bh5 10. Nd2 Qe7 11. Qe1 Rad8 12. e4 dxe4 13. Nxd7 Rxd7 14. Nxe4 Nxe4 15. Bxe4 c5 16. dxc5 Bxc5 17. Bxh7+ Kxh7 18. Qe5 f5 0-1

[Event "US Masters op"]
[Site "Charlotte"]
[Date "2024.11.29"]
[Round "5"]
[White "Kaplan, Avi Harrison"]
[Black "Fernandez, Daniel Howard"]
[Result "1/2-1/2"]
[WhiteElo "2317"]
[BlackElo "2503"]
[PlyCount "140"]
[EventDate "2024.11.27"]
[EventType "swiss"]
[EventRounds "9"]
[EventCountry "USA"]
[SourceTitle "CB49_2024"]
[SourceDate "2024.12.04"]
[SourceVersion "1"]
[SourceVersionDate "2024.12.04"]
[SourceQuality "1"]

1. Nf3 c5 2. b3 b6 3. Bb2 Bb7 4. g3 Bxf3 5. exf3 Nc6 6. Bg2 e6 7. 0-0 Nf6 8. f4 Rc8 9. d3 g6 10. Nd2 Bg7 11. Nf3 0-0 12. Re1 Ne8 13. Bxg7 Nxg7 14. a3 b5 15. Qd2 Nf5 16. c3 a5 17. Ne5 Nxe5 18. fxe5 d6 19. Be4 Ne7 20. Qf4 dxe5 21. Qxe5 Qc7 22. Qf6 Rfd8 23. g4 Nd5 24. Bxd5 Rxd5 25. Rxe6 Qd7 26. Re4 Rxd3 27. Rae1 Rd1 28. Qf3 Rd8 29. Rxd1 Qxd1+ 30. Qxd1 Rxd1+ 31. Kg2 Rb1 32. Re5 Rxb3 33. Rxc5 a4 34. g5 Kf8 35. c4 bxc4 36. Rxc4 Rxa3 37. h4 Ra1 38. Rc8+ Ke7 39. Ra8 a3 40. Ra7+ Ke6 41. Ra6+ Kf5 42. Ra4 Ke5 43. Ra7 Ke6 44. Ra6+ Kf5 45. Ra4 a2 46. Kh2 Ke5 47. Kg2 f5 48. gxf6 Kxf6 49. Ra5 Ke6 50. Kh2 Kd6 51. Kg2 Kc6 52. Ra8 Kd5 53. Ra4 Kc5 54. Ra8 Kc4 55. Rc8+ Kd4 56. Ra8 Ke4 57. Ra4+ Kf5 58. Kh2 h6 59. Kg2 g5 60. Ra5+ Kg4 61. hxg5 hxg5 62. Ra8 Kh5 63. Ra7 g4 64. Ra8 Kg5 65. Ra7 Kf5 66. Ra8 Ke4 67. Ra7 Kd3 68. Ra8 Kc2 69. Rc8+ Kb3 70. Rb8+ Kc3 1/2-1/2

[Event "Titled Tuesday intern op 26th Nov Late"]
[Site "Chess.com INT"]
[Date "2024.11.26"]
[Round "1"]
[White "Da Silva, Erick Feitosa"]
[Black "Kaplan, Avi Harrison"]
[Result "1-0"]
[WhiteElo "2068"]
[BlackElo "2317"]
[PlyCount "47"]
[EventDate "2024.11.26"]
[EventType "swiss (blitz)"]
[EventRounds "11"]
[EventCountry "USA"]
[SourceTitle "CB49_2024"]
[SourceDate "2024.12.04"]
[SourceVersion "1"]
[SourceVersionDate "2024.12.04"]
[SourceQuality "1"]

1. c4 c5 2. Nc3 Nf6 3. Nf3 Nc6 4. e3 e5 5. d4 cxd4 6. exd4 e4 7. Ng5 Bb4 8. d5 Ne5 9. Qc2 Qe7 10. Ngxe4 Nxc4 11. Bxc4 Qxe4+ 12. Qxe4+ Nxe4 13. Bd2 Nxd2 14. Kxd2 d6 15. Rhe1+ Kd8 16. a3 Ba5 17. Re2 Bg4 18. f3 Rc8 19. Bb5 Bf5 20. Rae1 Rc5 21. b4 Rxb5 22. Nxb5 Bb6 23. Nxd6 Bd7 24. Nxf7+ 1-0

[Event "Titled Tuesday intern op 24th Sep Late"]
[Site "Chess.com INT"]
[Date "2024.09.24"]
[Round "4"]
[White "Kaplan, Avi Harrison"]
[Black "Aliyev, Elnur Fakhraddin Og"]
[Result "0-1"]
[WhiteElo "2328"]
[BlackElo "2079"]
[PlyCount "36"]
[EventDate "2024.09.24"]
[EventType "swiss (blitz)"]
[EventRounds "11"]
[EventCountry "USA"]
[SourceTitle "EXT 2025"]
[Source "ChessBase"]
[SourceDate "2024.10.14"]
[SourceVersion "1"]
[SourceVersionDate "2024.10.14"]
[SourceQuality "1"]

1. d4 Nf6 2. c4 e6 3. g3 c5 4. dxc5 Bxc5 5. Bg2 Qb6 6. Nh3 d5 7. cxd5 exd5 8. 0-0 Bxh3 9. Bxh3 h5 10. Bg5 Ne4 11. Qxd5 Nxf2 12. Kg2 0-0 13. Bf5 Ng4 14. Nc3 Qc6 15. h3 Ne3+ 16. Bxe3 Bxe3 17. Rad1 Bg5 18. h4 Bf6 0-1

[Event "Titled Tuesday intern op 24th Sep Late"]
[Site "Chess.com INT"]
[Date "2024.09.24"]
[Round "3"]
[White "Popov, Konstantin"]
[Black "Kaplan, Avi Harrison"]
[Result "1-0"]
[WhiteElo "2376"]
[BlackElo "2328"]
[PlyCount "65"]
[EventDate "2024.09.24"]
[EventType "swiss (blitz)"]
[EventRounds "11"]
[EventCountry "USA"]
[SourceTitle "EXT 2025"]
[Source "ChessBase"]
[SourceDate "2024.10.14"]
[SourceVersion "1"]
[SourceVersionDate "2024.10.14"]
[SourceQuality "1"]

1. e4 c6 2. d4 d5 3. e5 Bf5 4. Bd3 Bxd3 5. Qxd3 e6 6. Ne2 c5 7. c3 Nc6 8. a3 Qb6 9. b4 cxd4 10. cxd4 Nge7 11. Nd2 Nf5 12. Nf3 Be7 13. 0-0 0-0 14. Kh1 Rac8 15. g4 Nh4 16. Nxh4 Bxh4 17. f4 Rc7 18. f5 f6 19. fxe6 fxe5 20. Rxf8+ Kxf8 21. Qxh7 Nxd4 22. Qh8+ Ke7 23. Qxh4+ Kxe6 24. Be3 Rc2 25. Bxd4 exd4 26. Re1 d3 27. Nd4+ Kf7 28. Qe7+ Kg8 29. Qe8+ Kh7 30. Qh5+ Qh6 31. Qxh6+ Kxh6 32. Nxc2 d2 33. Rd1 1-0

[Event "Titled Tuesday intern op 17th Sep Early"]
[Site "Chess,com INT"]
[Date "2024.09.17"]
[Round "4"]
[White "Fiorito, Joaquin"]
[Black "Kaplan, Avi Harrison"]
[Result "1-0"]
[WhiteElo "2402"]
[BlackElo "2328"]
[PlyCount "57"]
[EventDate "2024.09.17"]
[EventType "swiss (blitz)"]
[EventRounds "11"]
[EventCountry "USA"]
[SourceTitle "EXT 2025"]
[Source "ChessBase"]
[SourceDate "2024.10.14"]
[SourceVersion "1"]
[SourceVersionDate "2024.10.14"]
[SourceQuality "1"]

1. d4 Nf6 2. c4 c5 3. d5 d6 4. Nc3 g6 5. e4 Bg7 6. h3 0-0 7. Nf3 e6 8. Bd3 exd5 9. exd5 Re8+ 10. Be3 Na6 11. 0-0 Nc7 12. a4 Na6 13. Qd2 Nb4 14. Rae1 Nxd3 15. Qxd3 Bf5 16. Qd1 Ne4 17. Nxe4 Bxe4 18. Bg5 Qa5 19. Bd2 Qa6 20. b3 Qb6 21. Ng5 Bf5 22. Qf3 h6 23. Nxf7 Kxf7 24. g4 Kg8 25. gxf5 gxf5 26. Kh1 Kh8 27. Rg1 Rf8 28. Re6 Kh7 29. Qh5 1-0

[Event "Titled Tuesday intern op 17th Sep Early"]
[Site "Chess,com INT"]
[Date "2024.09.17"]
[Round "7"]
[White "Kaplan, Avi Harrison"]
[Black "Fromm, Marius"]
[Result "0-1"]
[WhiteElo "2328"]
[BlackElo "2477"]
[PlyCount "134"]
[EventDate "2024.09.17"]
[EventType "swiss (blitz)"]
[EventRounds "11"]
[EventCountry "USA"]
[SourceTitle "EXT 2025"]
[Source "ChessBase"]
[SourceDate "2024.10.14"]
[SourceVersion "1"]
[SourceVersionDate "2024.10.14"]
[SourceQuality "1"]

1. e4 e6 2. b3 d5 3. Bb2 c5 4. exd5 exd5 5. Bb5+ Nc6 6. Nf3 Nf6 7. 0-0 Be7 8. d4 0-0 9. Re1 a6 10. Bxc6 bxc6 11. dxc5 Bxc5 12. c4 Bg4 13. cxd5 cxd5 14. Nc3 Qb6 15. Rf1 Qb7 16. h3 Bh5 17. Na4 Be7 18. Rc1 Rac8 19. Re1 Rxc1 20. Bxc1 Ne4 21. Bb2 Bb4 22. Re3 a5 23. Qd4 f6 24. Nh4 Be8 25. Re2 Bb5 26. Rc2 Re8 27. Nf5 Re5 28. Ne3 h5 29. Qb6 Re7 30. Qxb7 Rxb7 31. Nxd5 Bxa4 32. bxa4 Bc5 33. Ne3 Bxe3 34. fxe3 Rb4 35. Bd4 Rxa4 36. Kf1 Ra3 37. Ke2 Kf7 38. Kf3 Nd6 39. Bc5 Rd3 40. Ke2 Rd5 41. Bxd6 Rxd6 42. Rc7+ Kg6 43. Ra7 Rd5 44. Kf3 Rb5 45. Kg3 Kh6 46. Kf3 h4 47. e4 g6 48. Ra6 Kg5 49. Ra7 Rc5 50. Ra6 Rc3+ 51. Ke2 Rc2+ 52. Kd3 Rxa2 53. Kd4 Rxg2 54. Rxa5+ Kf4 55. Ra6 Rd2+ 56. Kc3 Rg2 57. Rxf6+ Kxe4 58. Kc4 g5 59. Rf8 Rg3 60. Re8+ Kf3 61. Kd4 Rxh3 62. Rf8+ Kg4 63. Ke4 Rh1 64. Ke3 Re1+ 65. Kf2 Re7 66. Ra8 Rf7+ 67. Kg1 Kg3 0-1

[Event "Titled Tuesday intern op 17th Sep Early"]
[Site "Chess,com INT"]
[Date "2024.09.17"]
[Round "6"]
[White "Punin, Andrii"]
[Black "Kaplan, Avi Harrison"]
[Result "1/2-1/2"]
[WhiteElo "2289"]
[BlackElo "2328"]
[PlyCount "141"]
[EventDate "2024.09.17"]
[EventType "swiss (blitz)"]
[EventRounds "11"]
[EventCountry "USA"]
[SourceTitle "EXT 2025"]
[Source "ChessBase"]
[SourceDate "2024.10.14"]
[SourceVersion "1"]
[SourceVersionDate "2024.10.14"]
[SourceQuality "1"]

1. e4 c6 2. Nc3 d5 3. Nf3 dxe4 4. Nxe4 Nf6 5. Qe2 Na6 6. d4 Qd5 7. Nc3 Qh5 8. Ne5 Qxe2+ 9. Bxe2 Nb4 10. Kd1 Bf5 11. Nd3 Nxd3 12. Bxd3 Bxd3 13. cxd3 0-0-0 14. Be3 e6 15. h3 Nd5 16. Ke2 g6 17. Ne4 Bg7 18. Ng5 Rd7 19. Nf3 Rhd8 20. Rac1 Ne7 21. g4 Nd5 22. a3 f5 23. Ne5 Bxe5 24. dxe5 Nxe3 25. fxe3 Rxd3 26. gxf5 Rd2+ 27. Kf3 gxf5 28. b4 R8d5 29. Rhg1 Rxe5 30. Rg7 Rd7 31. Rg8+ Kc7 32. Rc3 Re4 33. b5 Rh4 34. bxc6 bxc6 35. Kg3 Rh6 36. Ra8 Rg6+ 37. Kf4 Kb7 38. Re8 Rh6 39. Rb3+ Kc7 40. Ra8 Rxh3 41. Rxa7+ Kd8 42. Rxd7+ Kxd7 43. Ke5 Kc7 44. a4 Rh4 45. Kxe6 Rxa4 46. Kxf5 Kd6 47. e4 Ra5+ 48. Kf4 c5 49. Rh3 Ra7 50. Rh6+ Kc7 51. Rxh7+ Kb6 52. Rxa7 Kxa7 53. Ke5 c4 54. Kd4 Kb6 55. Kxc4 Kc6 56. Kd4 Kd6 57. Kd3 Ke6 58. Ke3 Ke5 59. Kf3 Ke6 60. Kf2 Kf6 61. Ke2 Ke5 62. Kf3 Ke6 63. Kf4 Kf6 64. e5+ Ke6 65. Ke4 Ke7 66. Kd5 Kd7 67. Kd4 Ke6 68. Ke4 Ke7 69. Kf5 Kf7 70. Kf4 Ke6 71. Ke4 1/2-1/2